[Event "Pan American Intercollegiate-chT"]
[Site "Princeton"]
[Date "2012.12.29"]
[Round "5"]
[White "Schoch, Ian David"]
[Black "Modlin, Trey"]
[Result "1/2-1/2"]
[WhiteElo "2186"]
[BlackElo "2067"]
[PlyCount "92"]
[EventDate "2012.12.27"]
[EventType "team-swiss"]
[EventRounds "6"]
[EventCountry "USA"]
[SourceTitle "CBM 152 Extra"]
[Source "ChessBase"]
[SourceDate "2013.02.25"]
[SourceVersion "1"]
[SourceVersionDate "2013.02.25"]
[SourceQuality "1"]
[WhiteTeam "UMCP"]
[BlackTeam "Texas Tech II"]
[WhiteTeamCountry "USA"]
[BlackTeamCountry "USA"]

1. e4 d6 2. d4 Nf6 3. Nc3 g6 4. f4 Bg7 5. Nf3 c5 6. d5 0-0 7. a4 e6 8. dxe6 Bxe6 9. Bd3 Nc6 10. 0-0 d5 11. e5 Ne8 12. Ng5 c4 13. Nxe6 fxe6 14. Be2 Qb6+ 15. Kh1 Nc7 16. b3 cxb3 17. cxb3 Rfd8 18. Ba3 Nb4 19. Nb5 Nxb5 20. axb5 Bf8 21. Qd2 a6 22. bxa6 bxa6 23. Rac1 Rac8 24. Bg4 a5 25. Bb2 Na6 26. Bd4 Bc5 27. Bxc5 Rxc5 28. Rxc5 Nxc5 29. Qd4 Qa6 30. Rb1 Ne4 31. Bf3 Qd3 32. Rd1 Qxd4 33. Rxd4 Nc5 34. b4 axb4 35. Rxb4 Rd7 36. Kg1 Rb7 37. Rd4 Rb2 38. h4 h6 39. Kh2 Kf7 40. Rd1 Rb3 41. h5 Nd3 42. hxg6+ Kxg6 43. Kg3 Kf5 44. Bg4+ Ke4 45. Bf3+ Kf5 46. Bg4+ Ke4 1/2-1/2